Konferencja "Współczesne oblicze kultury ludowej na Śląsku" (Wrocław 8-9 XII 1989)

Titel: Konferencja "Współczesne oblicze kultury ludowej na Śląsku" (Wrocław 8-9 XII 1989)
Verfasser:
In: Śla̜ski labirynt krajoznawczy, Band 2 (1990), Seite 143-146
alle Artikel anzeigen
Veröffentlicht: 1990
Format: Aufsatz
Sprache: Polnisch
Kein Bild verfügbar
X
alg: 39466737
001A    $01999:12-11-16 
001B    $01999:01-06-17 $t17:59:07.000 
001D    $01999:12-11-16 
001U    $0utf8 
001X    $00 
002@    $0Aox 
003@    $0394667379 
007A    $0394667379 $aHEB 
007T    $0Herdww013779 
010@    $apol 
011@    $a1990 
021A    $aKonferencja "Współczesne oblicze kultury ludowej na Śląsku" (Wrocław 8-9 XII 1989) 
028A    $aKomorowski $dJerzy 
031A    $d2 $h143-146 $j1990 
039B    $aIn $8--Abvc--. Śla̜ski labirynt krajoznawczy. - Wrocław : Sudety, 1989-. - ISSN 0867-0013 $x199000000020000857 $9048583480 

lok: 39466737 78

exp: 39466737 78 1 #EPN
201B/01 $020-11-17 $t23:23:42.000 
201U/01 $0utf8 
203@/01 $079077786X 
208@/01 $a12-11-16 $be 
209A/01 $a/ $f000 $x00 
220C/01 $aTitelaufnehmer: KS 
244Z/01 $2Trx $#Silesia $#Śląsk $#Sliezsko $#Slezsko $8--Trx--Schlesien $x01 $9391173987 
244Z/01 $#Breslau $#Wrocław $#Wrotizla $#Breßlau $#Breßlaw $#Vroclav $#Vratislav $#Vratislavia $#Vratislauiae $#Bresslau $#Wratislavia $#Brassel $#Bresla $#Wratislava $#Smirna $#Breslavia $#Wroclaw $74008216-7 $8--Tg1--Breslau $x02 $9085014184 
244Z/01 $aGeschichte 1989 $x03 
244Z/01 $2Trx $#etnograafia üldine $#etnografija bendras $#ethnography general $#néprajz általános $#etnografia ogólnie $#etnografia všeobecne $#etnografie všeobecně $#Ethnographie $#kultura ludowa $#národopis $#národopis $#kultura lidová $8--Trx--Volkskunde$gallgemein $x04 $9391362054 
244Z/01 $2Trx $#konverentsid, teaduslikud $#mokslinės konferencijos $#Conferences, scholarly $#konferenciák, tudományos $#konferencje naukowe $#konferencie, vedecké $#konference vědecké $#Tagungen $#obrady $#zasadania $8--Trx--Konferenzen, wissenschaftliche $x05 $9391373897 
244Z/01 $2Trx $8--Trx--Zeitschriftenaufsatz $x06 $9391384341 
244Z/01 $2Trx $#tegevusaruanne $#veiklos ataskaitos $#progress reports $#tevékenységi beszámolók $#sprawozdania z działalności $#správy o činnosti $#zprávy o činnosti $8--Trx--Tätigkeitsberichte $x07 $9391354353 
244Z/01 $2Trx $#uuringute aruanne $#mokslinės ataskaitos $#Research reports $#kutatói beszámolók $#sprawozdania z badań $#správy výskumné $#zprávy výzkumné $#Literaturberichte $#správy literárne $8--Trx--Forschungsberichte $x08 $9391383523 
245Z/01 $a01.05 $x01 
247C/01 $82080>Marburg/Lahn, Herder-Institut, Forschungsbibliothek, Bibliographieportal $9336309341
LEADER 00000caa a22000002c 4500
001 394667379
003 DE-603
005 20170601175907.0
007 tu
008 161112s1990 xx |||| | u00||u|pol c
035 |a (DE-599)HEB394667379 
040 |a DE-603  |b ger  |c DE-603  |d DE-603 
041 |a pol 
100 1 |a Komorowski, Jerzy 
245 0 0 |a Konferencja "Współczesne oblicze kultury ludowej na Śląsku" (Wrocław 8-9 XII 1989) 
264 0 |c 1990 
773 0 8 |i In  |t Śla̜ski labirynt krajoznawczy  |d Wrocław : Sudety, 1989-  |x 0867-0013  |g Band 2 (1990), Seite 143-146  |w (DE-603)048583480  |w (DE-600)1077945-0 
924 0 |9 2080  |a (DE-603)79077786X  |b DE-2080  |c HES  |d d  |g /